| 000 | 01303nam a2200337 a 4500 | ||
|---|---|---|---|
| 001 | ebr10422501 | ||
| 003 | CaPaEBR | ||
| 006 | m u | ||
| 007 | cr cn||||||||| | ||
| 008 | 100924s2009 si ad sb 000 0 eng d | ||
| 010 | _z 2010484279 | ||
| 020 | _z9789814299343 | ||
| 020 | _z9814299340 | ||
| 020 | _z9789814299350 (e-book) | ||
| 040 |
_aCaPaEBR _cCaPaEBR |
||
| 035 | _a(OCoLC)694144303 | ||
| 050 | 1 | 4 |
_aQC787.P3 _bM43 2009eb |
| 245 | 0 | 0 |
_aMedical applications of accelerators _h[electronic resource] / _ceditors, Alexander W. Chao, Weiren Chou. |
| 260 |
_aSingapore : _bWorld Scientific, _c2009. |
||
| 300 |
_aviii, 312 p. : _bill. (some col.). |
||
| 490 | 0 |
_aReviews of accelerator science and technology ; _vv. 2, 2009 |
|
| 500 | _aTwo columns to the page. | ||
| 504 | _aIncludes bibliographical references. | ||
| 533 |
_aElectronic reproduction. _bPalo Alto, Calif. : _cebrary, _d2010. _nAvailable via World Wide Web. _nAccess may be limited to ebrary affiliated libraries. |
||
| 650 | 0 | _aParticle accelerators. | |
| 655 | 7 |
_aElectronic books. _2local |
|
| 700 | 1 | _aChao, Alex. | |
| 700 | 1 | _aChou, Weiren. | |
| 710 | 2 | _aebrary, Inc. | |
| 856 | 4 | 0 |
_uhttp://site.ebrary.com/lib/rucke/Doc?id=10422501 _zAn electronic book accessible through the World Wide Web; click to view |
| 999 |
_c142128 _d142128 |
||